Heat transfer (Record no. 3641)

000 -LEADER
fixed length control field 00564nam a2200229 a 4500
001 - CONTROL NUMBER
control field 3641
003 - CONTROL NUMBER IDENTIFIER
control field BD-DhUET
008 - FIXED-LENGTH DATA ELEMENTS--GENERAL INFORMATION
fixed length control field 960506s1997 nyua b 001 0 eng
020 ## - INTERNATIONAL STANDARD BOOK NUMBER
International Standard Book Number 0071143203
020 ## - INTERNATIONAL STANDARD BOOK NUMBER
International Standard Book Number 0078447852
040 ## - CATALOGING SOURCE
Original cataloging agency DLC
Transcribing agency DLC
Modifying agency BD-DhUET
082 00 - DEWEY DECIMAL CLASSIFICATION NUMBER
Classification number 621.011
Item number HOL/1997
100 1# - MAIN ENTRY--PERSONAL NAME
Personal name Holman, J. P.
245 10 - TITLE STATEMENT
Title Heat transfer
250 ## - EDITION STATEMENT
Edition statement 8th ed.
260 ## - PUBLICATION, DISTRIBUTION, ETC. (IMPRINT)
Place of publication, distribution, etc. New York
Name of publisher, distributor, etc. McGraw-Hill
Date of publication, distribution, etc. 1997
300 ## - PHYSICAL DESCRIPTION
Extent xviii, 696 p.
Other physical details ill.
490 ## - SERIES STATEMENT
Series statement Schaum's outline series
504 ## - BIBLIOGRAPHY, ETC. NOTE
Bibliography, etc Includes bibliographies
650 #0 - SUBJECT ADDED ENTRY--TOPICAL TERM
Topical term or geographic name as entry element Heat transfer
942 ## - ADDED ENTRY ELEMENTS (KOHA)
Koha item type General Book
Holdings
Sublocation or collection (holding branch) Date acquired Koha out on loan Koha item type Koha normalized classification for sorting Price effective from Koha date last seen Damaged status Koha issues (times borrowed) Withdrawn status Koha date last borrowed Location (home branch) Shelving location Copy number Not for loan Piece designation (barcode) Koha full call number Lost status Source of classification or shelving scheme
Central Library, BUET2014-11-032025-05-11General Book621_011000000000000_HOL_19972014-11-032025-04-27 3 2025-04-27Central Library, BUETCirculation section1 92450621.011/HOL/1997  
Central Library, BUET2014-11-03 General Book621_011000000000000_HOL_19972014-11-032014-11-03    Central Library, BUETCirculation section2 92452621.011/HOL/1997  
Central Library, BUET2014-11-03 General Book621_000000000000000_011HOL19972014-11-032016-07-30    Central Library, BUETCirculation section3 92453621.011/HOL/1997  
Central Library, BUET2014-11-03 General Book621_000000000000000_011HOL19972014-11-032022-06-08 1 2022-01-09Central Library, BUETCirculation section4 92454621.011/HOL/1997  
Central Library, BUET2014-11-03 General Book621_000000000000000_011HOL19972014-11-032024-10-28 2 2024-10-02Central Library, BUETCirculation section5 92455621.011/HOL/1997  
Central Library, BUET2014-11-03 General Book621_000000000000000_011HOL19972014-11-032024-08-31 3 2023-12-10Central Library, BUETCirculation section6 92457621.011/HOL/1997  
Central Library, BUET2014-11-03 General Book621_000000000000000_011HOL19972014-11-032014-11-03    Central Library, BUETCirculation section7 92459621.011/HOL/1997  
Central Library, BUET2014-11-03 General Book621_011000000000000_HOL_19972014-11-032024-08-28 1 2024-03-12Central Library, BUETCirculation section8 92460621.011/HOL/1997  
Central Library, BUET2014-11-03 General Book621_000000000000000_011HOL19972014-11-032024-06-22 1 2024-04-08Central Library, BUETCirculation section9 92461621.011/HOL/1997  
Central Library, BUET2014-11-03 General Book621_000000000000000_011HOL19972014-11-032025-03-12 5 2024-12-10Central Library, BUETCirculation section10 92462621.011/HOL/1997  
Central Library, BUET2014-11-03 General Book621_000000000000000_011HOL19972014-11-032017-05-03 1 2015-03-04Central Library, BUETCirculation section11 92464621.011/HOL/1997  
Central Library, BUET2014-11-03 General Book621_000000000000000_011HOL19972014-11-032019-07-10 3 2019-06-17Central Library, BUETCirculation section12 92465621.011/HOL/1997  
Central Library, BUET2014-11-03 General Book621_000000000000000_011HOL19972014-11-032022-06-08 3 2022-05-24Central Library, BUETCirculation section13 92466621.011/HOL/1997  
Central Library, BUET2015-04-12 General Book621_011000000000000_HOL_19972015-04-122015-04-12    Central Library, BUETCirculation section14 92468621.011 HOL/1997  
Central Library, BUET2015-07-02 Reading Item621_011000000000000_HOL_19972015-07-022015-07-02    Central Library, BUETReading section15 92447621.011/HOL/1997  
Central Library, BUET2015-07-09 Reading Item621_011000000000000_HOL_19972015-07-092015-07-09    Central Library, BUETReading section16 92446621.011/HOL/1997